| 000 | 00681nam a2200193Ia 4500 | ||
|---|---|---|---|
| 005 | 20230420163107.0 | ||
| 008 | 230125s9999 xx 000 0 und d | ||
| 020 | _a81-7881-262-2 | ||
| 041 | _aeng | ||
| 082 |
_a658.562 _bSIS |
||
| 100 |
_aSisodiya A S _9116087 |
||
| 245 | _aSix Sigma : Concepts and Cases | ||
| 260 |
_c2004 _bICFAI publication _aHyderabad |
||
| 300 | _a196p | ||
| 500 | _aSix sigma;Case Studies;Case Studies in Six Sigma;Case Studies - ICFAI;Total Quality Management | ||
| 650 |
_aSix sigma;Case Studies;Case Studies in Six Sigma;Case Studies - ICFAI;Total Quality Management _9181169 |
||
| 700 |
_aSisodiya A S & Abhyankar M W, Donor _9116088 |
||
| 942 | _cDB | ||
| 999 |
_c93772 _d93772 |
||